| 000 | 00487cam a22002051 4500 | ||
|---|---|---|---|
| 001 | sa 66002641 | ||
| 003 | DLC | ||
| 005 | 20260227112231.0 | ||
| 008 | 881102s1965 xx 000 0 hinr | ||
| 010 | _asa 66002641 | ||
| 035 | _a(OCoLC)23564662 | ||
| 040 |
_aDLC _cMiU _dDLC |
||
| 042 | _apremarc | ||
| 050 | 0 | 0 |
_aPK2098.S535 _bC3 |
| 100 | 1 |
_aShukla, Kamal, _d1929- |
|
| 245 | 1 | 0 | _aCāndī kī rāta. |
| 260 |
_a[n.p.] _c[1965] |
||
| 300 |
_a123 p. _c22 cm. |
||
| 500 | _aRomanized. | ||
| 999 |
_c68508 _d68508 |
||